| 000 | 01000cam a22002411i 4500 | ||
|---|---|---|---|
| 003 | SA-RiAUC | ||
| 005 | 20260211122216.0 | ||
| 008 | 260205s1992 xx g b 000r0 ara c | ||
| 040 |
_aSA-JeALM _bara _cSA-RiAUC _erda |
||
| 082 | 0 | 4 |
_a256.3 _qSA-RiAUC |
| 090 |
_a256.3 _bر ب ي |
||
| 100 | 1 |
_aالربيع، محمد إبراهيم عبد الرحمن، _d1378 هجري- _eمؤلف. |
|
| 245 | 1 | 2 |
_aالفيء والغنيمة ومصارفهما / _cتأليف محمد بن إبراهيم بن عبد الرحمن الربيع. |
| 250 | _aالطبعة الأولى. | ||
| 264 | 1 |
_a[مكان النشر غير محدد] : _bمحمد بن ابراهيم الربيع، _c1992 |
|
| 300 |
_a200 صفحة ؛ _c24 سم |
||
| 336 |
_aنص _btxt _2rdacontent _3كتاب |
||
| 337 |
_aبدون وسيط _bn _2rdamedia |
||
| 504 | _aببليوجرافية : صفحة 189-197. | ||
| 650 | 7 |
_aالغنائم (فقه إسلامي) _2aucsh |
|
| 942 |
_2ddc _cBOOK _n0 |
||
| 949 |
_aSA-JeALM _d260205 _uosman123 _n1 |
||
| 999 |
_c14301 _d14301 |
||